Biblioteca

Teología del Nuevo Testamento (Registro nro. 42601)

Detalles MARC
000 -LÍDER
Campo fijo de descripción fija 01684aam a2200433 i 4500
001 - NÚMERO DE CONTROL
Campo de control 768714001
003 - IDENTIFICADOR DEL NÚMERO DE CONTROL
Campo de control CO-MdFUSB
005 - FECHA Y HORA DE LA ULTIMA TRANSACCIÓN
control field 20230209172703.0
007 - CAMPO FIJO DE DESCRIPCIÓN FIJA--INFORMACIÓN GENERAL
Campo fijo de descripción fija ta
007 - CAMPO FIJO DE DESCRIPCIÓN FIJA--INFORMACIÓN GENERAL
Campo fijo de descripción fija cr ua aaaaa
008 - ELEMENTOS DE LONGITUD FIJA -- INFORMACIÓN GENERAL
Campo fijo de descripción fija -- Información general 160825t2002 sp |||| |||| 00| 0 spa d
020 ## - NÚMERO INTERNACIONAL NORMALIZADO PARA LIBROS
Número Internacional Normalizado del libro 9788482673349
Información adicional impreso
020 ## - NÚMERO INTERNACIONAL NORMALIZADO PARA LIBROS
Número Internacional Normalizado del libro 9788482676302.
Información adicional electrónico
040 ## - FUENTE DE CATALOGACIÓN
Agencia que realiza la transcripción CO-MdFUSB
Idioma de catalogación spa.
Agencia de catalogación original CO-MdFUSB
Agencia que realiza la modificación CO-MdFUSBC
Convenciones de la descripción rda
041 ## - CÓDIGO DE IDIOMA
Código de idioma para texto/pista de sonido o título separado spa
Código de idioma original eng
082 04 - NÚMERO DE CLASIFICACIÓN DECIMAL DEWEY
Número de clasificación 230.0415
Número de la edición del Dewey 23
Clave de autor-Numero de item L154t
100 1# - ASIENTO PRINCIPAL--NOMBRE PERSONAL
Nombre personal Ladd, George Eldon (1911-1982)
Término relacionador autor
240 ## - TITULO UNIFORME
Título uniforme <a href="A theology of the New Testament">A theology of the New Testament</a>
245 10 - TÍTULO
Título del Material Teología del Nuevo Testamento
Mención de responsabilidad, etc. / George Eldon Ladd
Medio físico [físico y electrónico]
264 #1 - PRODUCCIÓN, PUBLICACIÓN, DISTRIBUCIÓN, MANUFACTURA, Y COPYRIGHT
Lugar de producción, publicación, distribución, manufactura Barcelona , España :
Nombre del productor, publicador, distribuidor CLIE,
Fecha de producción, publicación, distribución, manufactura, o copyright [2005]
264 #4 - PRODUCCIÓN, PUBLICACIÓN, DISTRIBUCIÓN, MANUFACTURA, Y COPYRIGHT
Fecha de producción, publicación, distribución, manufactura, o copyright © 2005
300 ## - DESCRIPCIÓN FÍSICA
Extensión 885 páginas
Dimensiones ; 23 cm
336 ## - TIPO DE CONTENIDO
Término de tipo de contenido texto
Código de tipo de contenido txt
Fuente rdacontent
337 ## - TIPO DE MEDIO
Fuente rdamedia
Nombre del tipo de medio sin mediación
Código del tipo de medio n
337 ## - TIPO DE MEDIO
Fuente rdamedia
Nombre del tipo de medio informático
Código del tipo de medio c
338 ## - TIPO DE SOPORTE
Fuente rdacarrier
Nombre del tipo de soporte volumen
Código Tipo de soporte nc
338 ## - TIPO DE SOPORTE
Fuente rdacarrier
Nombre del tipo de soporte remoto
Código Tipo de soporte cr
505 ## - NOTA DE CONTENIDO
Nota de contenido con formato preestablecido Los evangelios sinópticos - El cuarto evangelio - La iglesia primitiva - Pablo - Hebreos y las epístolas generales - El Apocalipsis
506 ## - NOTA DE RESTRICCIONES DE ACCESO
Condiciones de acceso Préstamo en biblioteca del libro físico
506 ## - NOTA DE RESTRICCIONES DE ACCESO
Condiciones de acceso Solicitar clave y usuario para acceder al libro electrónico.
506 ## - NOTA DE RESTRICCIONES DE ACCESO
Condiciones de acceso Libro multiusuario
563 ## - NOTA DE ENCUADERNACIÓN
Nota de encuadernación Rústico
630 #7 - TITULO UNIFORME
Título uniforme Biblia.
Nombre de parte o sección de la obra Nuevo Testamento
Subdivisión de materia general Teología
856 ## - LOCALIZACIÓN Y ACCESO ELECTRÓNICOS
Numero de Acceso 2168354
Identificador Uniforme del Recurso <a href="https://search.ebscohost.com/login.aspx?direct=true&db=nlebk&AN=2168354&lang=es&site=ehost-live">https://search.ebscohost.com/login.aspx?direct=true&db=nlebk&AN=2168354&lang=es&site=ehost-live</a>
Nota dirigida al público <a href="Abrir Versión electrónica del libro Teología del Nuevo Testamento ">Abrir Versión electrónica del libro Teología del Nuevo Testamento </a>
942 ## - TIPO DE MATERIAL (KOHA)
Tipo de Item KOHA Libros General
945 ## - INFORMACIÓN LOCAL DEL REGISTRO
Catalogador JTF-925
Existencias
Estado de Material Estado de Perdido Forma de Clasificación Estado de Dañado No para Préstamo Colección Tomo Biblioteca de Origen Biblioteca Permanente Fecha de Adquisición Área Total de Préstamos Total de Renovaciones Signatura Topográfica Código de Barras Última vez visto Última vez Préstado Ejemplar/Existencia Fecha de Remplazo Tipo de Material Ubicación en Estantería Url Nota Pública
    Dewey Decimal Classification     Colección General   Biblioteca FUSBC Biblioteca FUSBC 30/09/2024 TEOLOGÍA CRISTIANA 3 5 G 230.0415 L154t 17186 24/11/2023 06/10/2023 Ej. 1 26/01/2016 Libros General      
    Dewey Decimal Classification     Colección Libros Electrónicos   Biblioteca FUSBC Biblioteca FUSBC 03/02/2023 TEOLOGÍA CRISTIANA       ID2168354 03/02/2023   Ej. 1 03/02/2023 Libro electrónico Libro electrónico http://bit.ly/3RxwReP LIBRO ELECTRÓNICO - Seguir el link de acceso
    Dewey Decimal Classification     Colección General   Biblioteca FUSBC Biblioteca FUSBC 30/09/2024 TEOLOGÍA CRISTIANA     G 230.0415 L154t 25485 12/03/2026   Ej. 2 30/09/2024 Libros General      

Biblioteca FUSBC | Teléfono: (57+4) 349 88 10 Ext. 141| WhatsApp (+57) 3005338115 
E-mail: biblioteca@unisbc.edu.co | Calle 76 87-14 Robledo Palenque, Medellín, Colombia

Con tecnología Koha